| 000 | 00720nam a2200169 a 4500 | ||
|---|---|---|---|
| 008 | 150824s1968 ||||||||||||||||| || u | ||
| 050 | _aRB 37 Bau | ||
| 100 | _aBauer, John D | ||
| 245 | 1 | 0 |
_aBray's clinical laboratory methods.(7th ed.) _cby John D. Bauer, Philip G. Ackermann and Gelson Toro |
| 250 | _a7th ed. | ||
| 260 |
_aSt. Louis _bThe C. V. Mosby company _c1968 |
||
| 300 | _aix, 764p. :ill. | ||
| 350 | _a0.00 | ||
| 650 | _aCLINICAL LABORATORY TECHNIQUES--METHODS | ||
| 650 | _aMEDICAL LABORATORY TECHNOLOGY--LABORATORY MANUALS | ||
| 995 |
_aMEDICAL LIBRARY OPEN ACCESS _e903046 _FCBU-SCHOOL OF MEDICINE LIBRARY (Ndola) _I0.00 _jRB 37 Bau _M1 _UAVAILABLE _WSep 4, 2015 _y903046 _ZMedical Library Open Access Collection |
||
| 999 |
_c30890 _d30890 |
||